The Last Supper - Click the apostles - Statistics

General Stats
  • This quiz has been taken 35 times
    33 since last reset
  • The average score is 5 of 13
Answers on the Map
Answers color-coded by a green-red scale on the quiz's map according to % correct below.
 
Answer Stats
Answer % Correct
Jesus Christ
96%
John
50%
Andrew
42%
James the Great
42%
Simon the Cannanite
42%
Matthew
38%
Phillip
38%
Peter Simon
29%
Jude Iscariot
25%
Jude Thaddeus
25%
Bartholomew
21%
James the Less
21%
Thomas
13%
No matching quizzes found
Score Distribution
Percent of People with Each Score
Percentile by Number Answered
Your Score History
You have not taken this quiz since the last reset